000 00710nam a2200277Ia 4500
001 Z_1213
003 CHAP
008 220113s1988 xx 000 0 und d
010 _a164301
040 _cCHAP
082 _a636.2 H3
100 _aHaresign, W ,ed.
_9138415
245 _aRecent developments in ruminant nutrition 2 /
_ced. by W. Haresign and D. J. A. Cole
260 _aLondon :
_bButterworths,
_c1988
300 _a387 p. :
_bilus. ; gráfs.
440 _a
500 _a
503 _a161690, 146380
650 _aRumiantes
_xNutrición I. Cole, D.J.A. II. t.
_9138416
901 _a636.2 H3
902 _aA
910 _a1988
942 _c1
942 _cc1
999 _c164301
_d164301